Problem solving with maps

this book is about cartography, the study of maps. It presents a series problems that can only be solved by using maps. In this way, the skills of map use can be learnt and developed

Αποθηκεύτηκε σε:
Λεπτομέρειες βιβλιογραφικής εγγραφής
Κύριος συγγραφέας: Stuart Marson
Μορφή: Βιβλίο
Γλώσσα:Undetermined
Έκδοση: Cambridge, New York Cambridge Univ. Press 1992
Θέματα:
Ετικέτες: Προσθήκη ετικέτας
Δεν υπάρχουν, Καταχωρήστε ετικέτα πρώτοι!
Thư viện lưu trữ: Trung tâm Học liệu Trường Đại học Cần Thơ
LEADER 00762nam a2200205Ia 4500
001 CTU_27290
008 210402s9999 xx 000 0 und d
020 |b 27.50Dfl 
082 |a 912.07 
082 |b M373 
100 |a Stuart Marson 
245 0 |a Problem solving with maps 
245 0 |c Stuart Marson 
260 |a Cambridge, New York 
260 |b Cambridge Univ. Press 
260 |c 1992 
520 |a this book is about cartography, the study of maps. It presents a series problems that can only be solved by using maps. In this way, the skills of map use can be learnt and developed 
650 |a geography - problems, exercises, etc,geography - study and teaching 
904 |i Minh, 981214 
980 |a Trung tâm Học liệu Trường Đại học Cần Thơ